000
00252nam a2200097Ia 4500
008
190216s9999||||xx |||||||||||||| ||und||
100
_a
Albert Ris Williams
245
0
_a
Reshyan Viplavathiloode
260
_b
"Markazi Maktaba Islami, Delhi"
942
_c
BK
999
_c
18752
_d
18752